000 00860nab a2200253 u 4500
001 19976
003 HDC
007 cr bn ---aaaaa
008 210303c |r|noo 0 a d
040 _aHDC
100 _aLin, Melissa,
_eauthor
_918209
245 0 _aHOTELS CATERING TO GROWING NUMBER OF MUSLIM TRAVELLERS /
_cby Melissa Lin
260 _a[No place] :
_b[publisher not identified],
_c2016
336 _atext
_2rdacontent
337 _acomputer
_2rdamedia
338 _aonline resource
_2rdacarrier
650 _aHalal certificate
_9482
650 _aMuslim traveller
_95069
710 _aASIA NEWS NETWORK
856 _zRequest full-text at [email protected]
942 _2lcc
942 _cNEWS
942 _kNWSO 009872
999 _c17292
_d17292